Mario characters with the most kart tracks - Statistics

General Stats
  • This quiz has been taken 30 times
  • The average score is 12 of 18
Answer Stats
Hint Answer % Correct
13 Bowser
100%
4 Luigi
100%
12 Mario
100%
4 Peach
100%
3 Daisy
91%
6 Wario
91%
5 Yoshi
91%
4 Toad
82%
5 Donkey Kong
77%
2 Waluigi
77%
1 Rosalina
64%
3 Shy Guy
59%
4 Koopa Troopa
50%
1 Boo
41%
1 Piranha Plant
23%
2 Cheep Cheep
14%
2 Moo Moo cow
0%
1 Twomp
0%
No matching quizzes found
Score Distribution
Percent of People with Each Score
Percentile by Number Answered
Your Score History
You have not taken this quiz